- Romero Melgarejo, Osvaldo
Entry Nombre Personal
001 - NUMERO DE CONTROL
- campo de control: 52807
003 - IDENTIFICADOR DE NUMERO DE CONTROL
- campo de control: DLC
005 - FECHA Y HORA DE LA ÜLTIMA TRANSACCIÓN
- campo de control: 20240802161130.0
008 - DATOS DE LONGITUD FIJA
- campo de control de longitud fija: 970714n| acannaabn |a aaa
010 ## - NÚMERO DE CONTROL DE LA BIBLIOTECA DEL CONGRESO
- Número de control LC: n 97070735
035 ## - NUMERO DE CONTROL
- Número de control: (OCoLC)oca04385445
040 ## - FUENTE DE CATALOGACIÓN
- Agencia original de catalogación: DLC
- Lenguaje de catalogación: spa
- Agencia de transcripción: DLC
- Agencia que lo modifica: OCoLC
- Agencia que lo modifica: NcD
- Agencia que lo modifica: DLC
- Agencia que lo modifica: MX-MxUPN
100 1# - ENCABEZAMIENTO - NOMBRE PERSONAL
- Nombre personal: Romero Melgarejo, Osvaldo
400 1# - VEÁSE - NOMBRE DE PERSONA
- Personal name: Romero, Osvaldo
400 1# - VEÁSE - NOMBRE DE PERSONA
- Personal name: Romero, Oswaldo
670 ## - FUENTE EN LA QUE SE LOCALIZARON DATOS
- Cita de la fuente: Dos regiones nahuas de México, 1995:
- Información localizada: portada (Osvaldo Romero Melgarejo)
670 ## - FUENTE EN LA QUE SE LOCALIZARON DATOS
- Cita de la fuente: La Malinche, 2002:
- Información localizada: portada (Osvaldo Romero) cubierta (Oswaldo Romero) pref. (master's in anthropology; studied at Univ. Autónoma de Tlaxcala) p. 359 (bibliography cites his work Dos regiones nahuas de México)
670 ## - FUENTE EN LA QUE SE LOCALIZARON DATOS
- Cita de la fuente: Autonomía, violencia y actores sociales ... 2009:
- Información localizada: portada (Osvaldo Romero) solapa (Dr. Osvaldo Arturo Romero Melgarejo; gen. coord., Centro de Investigaciones Interdisciplinarias sobre Desarrollo Regional, Univ. Aut. de Tlaxcala)
670 ## - FUENTE EN LA QUE SE LOCALIZARON DATOS
- Cita de la fuente: Las ciencias sociales en la actualidad : un acercamiento multidisciplinario, 2012:
- Información localizada: portada (Osvaldo Romero Melgarejo, coordinador)
902 ## - CATALOGADOR
- Catalogador: Víctor Ruiz/020824
